| 000 | 01194cam a2200313 i 4500 | ||
|---|---|---|---|
| 001 | 000005735 | ||
| 003 | DO-SdBNP | ||
| 005 | 20240612091541.0 | ||
| 006 | a||||gr|||| 00| 0 | ||
| 007 | ta | ||
| 008 | 870402t1986 cu b 011 ebspa | ||
| 040 |
_aDO-SdBNP _cDLC _dBNPHU _erda |
||
| 082 | 4 |
_a923.57293 _bG633m _222 |
|
| 245 | 0 | 0 |
_aMáximo Gómez en la independencia patria : _bvisión múltiple de un guerrero excepcional / _cselección, prólogo y notas, Bernardo Callejas; edición: Margarita Canet Chávez |
| 246 | 1 | 4 | _aMáximo Gómez en la independencia patria. |
| 264 | 4 |
_aLa Habana : _bLetras Cubanas, _c©1986. |
|
| 300 |
_a434 páginas ; _c19 cm. |
||
| 336 |
_2rdacontent _atexto _btxt |
||
| 337 |
_2rdamedia _asin mediación _bn |
||
| 338 |
_2rdacarrier _avolumen _bnc |
||
| 504 | _aIncluye bibliografía y notas al pie de páginas. | ||
| 590 | _aInventariado 2024 / MF | ||
| 600 | 1 | 0 |
_aGómez, Máximo, _d1836-1905 _912249 |
| 651 | 4 |
_aCuba _xHistoria _yGuerra de Independencia, 1895-1898 _911019 |
|
| 700 | 1 |
_aCallejas, Bernardo, _d1941- _eprólogo _916225 |
|
| 700 | 1 |
_aCanet Chávez, Margatira, _eeditor _985619 |
|
| 910 | _aValidado. Control de calidad BNPHU | ||
| 942 |
_2ddc _cLBS1 |
||
| 999 |
_c5531 _d5531 |
||